| 000 | 00744nam a2200229 i 4500 | ||
|---|---|---|---|
| 001 | 34139 | ||
| 003 | ES-MaACL | ||
| 005 | 20230906154900.0 | ||
| 007 | t| | ||
| 008 | 030204s1967 sp ||||1| spa d | ||
| 100 | 1 |
_aBlanco Augusto, José María. _929224 |
|
| 245 | 1 | 3 |
_aLa medicina en la filatelia / _cJosé María Blanco Augusto ; prólogo de Manuel Ballesteros Barahona. |
| 260 |
_aBarcelona : _bEmeuve, _c[1967] |
||
| 300 |
_a304 p., 58 lám. ; _c17 cm. |
||
| 490 | 1 |
_aLa corneta ; _v10 |
|
| 650 |
_aMedicina- _vSellos de correos. _9171992 |
||
| 650 |
_aSellos de correos. _917031 |
||
| 700 | 1 |
_aBallesteros Barahona, Manuel. _925049 |
|
| 830 | 1 |
_aLa corneta ; _v10 _9181505 |
|
| 852 |
_aES-MaACL _jC-32536 |
||
| 999 |
_c34139 _d34139 |
||